000 00734nam a22002177a 4500
999 _c1242
_d1242
003 AR-CdUCM
008 190226b ||||| |||| 00| 0 spa d
040 _aMUNICIPALIDAD PROVINCIAL DEL CUSCO
_cBIBLIOTECA MUNICIPAL DEL CUSCO
082 _a330 /
_bB23
100 _aBaran , A. Paul
_94840
245 _aLa Economia politica del crecimiento /
_cBaran , A. Paul
260 _aMexico :
_bFondo de Cultura Economica ,
_c1961.
300 _a337 paginas :
_c21 cm.
505 _aEstancamiento del Desarrollo del Capitalismo...
650 _aCapitalismo.
_93221
650 _aReflexiones sobre el Capitalismo.
_94841
650 _aSocialista.
_94842
700 _aBaran , A. Paul
_94840
942 _2ddc
_cLIBROS
945 _artm
_d2019-02-26